000 00730nam a2200253Ia 4500
003 OSt
005 20221005024755.0
006 a|||||r|||| 00| 0
007 ta
008 221004b |||||||| |||| 00| 0 ara d
020 _c180
024 _a3833
037 _b409, 06/11/2012, Nadwi Publications
_cTextual
040 _aCRL
_cCRL
_bara
041 _2ara
_aara
082 _aO28v541, Q1
100 _aAhmad Haikal Au.
_9581068
245 0 _aQasaid undlisyah
260 _aCairo
_bDar - Gharib Laltaba Wa Al - Nashr
_c2011
300 _a180p.
_ccm.
650 _aARABIC LITERATURE
942 _hO28v541, Q1
_cTEXL
_2cc
999 _c933432
_d933432